| 000 | 00564nam a2200205 a 4500 | ||
|---|---|---|---|
| 001 | 3128 | ||
| 003 | CDMR | ||
| 005 | 20131129134013.0 | ||
| 008 | 130130s1977||||||||||||||||||||||||||||d | ||
| 020 | _a8425206723 | ||
| 040 |
_aCDMR _bcat _cCDMR |
||
| 100 | 1 |
_aPrieto, Luís Jorge _92281 |
|
| 245 | 1 | 0 |
_aPertinencia y práctica _b: ensayos de semiología _cLuis J. Prieto |
| 260 |
_aBarcelona _c1977 _bGustavo Gili |
||
| 300 | _a156 p. | ||
| 490 | 0 | _aGG Comunicación Visual | |
| 650 | 0 | 4 |
_91282 _aSemiòtica |
| 650 | 0 | 4 |
_94377 _aLlenguatge i llengües |
| 942 |
_cMON _2udc |
||
| 999 |
_c3128 _d3128 |
||